000 01172nam a22003257a 4500
003 CHAP
005 20220329141016.0
008 971013s1996 r 00010 d
010 _a61227
011 _a62199
035 _a66373
040 _cCHAP
090 _aTesis
100 0 0 _aLópez Avendaño, Emigdio.
_967683
245 _aRentabilidad del cultivo del jitomate (Lycopersicum esculentum, Mill) en los Valles Centrales de Oaxaca
260 _aChapingo, Méx. :
_bEl autor,
_c1996
300 _a81 h.
_b; gráfs. ; anexos
502 _aTesis (Lic. en Comercio Internacional de Productos Agropecuarios) -- UACH. Departamento de Economía Agrícola
590 _aALEPH
_b10
_c20130110
_lUCH01
_h1341
590 _aBATCH-UPD
_b10
_c20130110
_lUCH01
_h0822
590 _aBATCH-UPD
_b10
_c20130410
_lUCH01
_h0459
590 _aBATCH-UPD
_b10
_c20130914
_lUCH01
_h2048
590 _aCONVERSION
_b10
_c20130109
_lUCH01
_h1333
650 1 4 _aTomate
_xCostos de producción.
_9113701
650 1 4 _aTomate
_xOaxaca.
_9113747
901 _aBK
942 _cFOLL
949 _bBC
_cTES
_d-151553
_eTS1
_h29511
_i66373
_si
949 _bBC
_cTES
_d33724000622361
_eTS2
_fc.2
_h29512
_i66373
_si
999 _c61227
_d61227